UBT Library

Privatisierung und Deregulierung öffentlicher Unternehmen in westeuropäischen Ländern : (Record no. 366)

000 -LEADER
fixed length control field 01177cam a2200277 a 4500
005 - DATE AND TIME OF LATEST TRANSACTION
control field 20131127065554.0
008 - FIXED-LENGTH DATA ELEMENTS--GENERAL INFORMATION
fixed length control field 910312s1990 au a b 000 0 ger
020 ## - INTERNATIONAL STANDARD BOOK NUMBER
International Standard Book Number 3214069950
041 0# - LANGUAGE CODE
Language code of text/sound track or separate title ger
050 ## -
-- .
080 ## - UNIVERSAL DECIMAL CLASSIFICATION NUMBER
Universal Decimal Classification number 332.26.025.88
100 ## - Rafti
Rafti Hofreither, Schneider
245 00 - TITLE STATEMENT
Title Privatisierung und Deregulierung öffentlicher Unternehmen in westeuropäischen Ländern :
Statement of responsibility, etc Herausgeber, Friedrich Schneider, Markus F. Hofreither ; mit Beiträgen von Rainer Bartel ... [et.al.]
260 ## -
-- Wien :
-- Manz,
-- 1990.
300 ## -
-- 207 f . :
-- me ill. ;
-- 23 cm.
440 #0 -
-- Schriftenreihe des Ludwig Boltzmann-Instituts für Ökonomische Analysen Wirtschaftspolitischer Aktivitäten ;
-- Bd. 6
490 ## -
-- Schriftenreihe des Ludwig Boltzmann-Instituts für Ökonomische Analysen Wirtschaftspolitischer Aktivitäten ;
-- Vëllimi 6
504 ## - BIBLIOGRAPHY, ETC. NOTE
Bibliography, etc Literaturverzeichnis : f. [187]-191
650 #0 -
-- Privatizimi
-- Europa
650 #0 -
-- Liberalizimi
-- Europa
650 #0 -
-- Politika Industriale
-- Europa
700 1# -
-- Schneider, Friedrich.
700 1# -
-- Hofreither, Markus Franz.
700 1# -
-- Bartel, Rainer,
-- 1957-
942 ## - ADDED ENTRY ELEMENTS (KOHA)
Source of classification or shelving scheme
Item type Books
Holdings
Withdrawn status Lost status Source of classification or shelving scheme Damaged status Not for loan Collection code Permanent location Current location Shelving location Date acquired Total Checkouts Full call number Barcode Date last seen Koha item type
          Koleksioni i përgjithshem UBT - Prishtine UBT - Prishtine Koleksioni i përgjithshem 11/27/2013   332.26.025.88 HOF 001-000500 11/27/2013 Books
UBT Library © 2015-2024. All rights reserved University Education for Business and Technology